000 00490nam a2200181Ia 4500
001 8435
005 20260306160609.0
008 260306t2004||||xx |||||||||||||| ||spa||
041 _aESP
082 _a371.005
_bR81
100 _aRomán Pérez, Martiniano
_eAUT
245 0 _aDiseños curriculares de aula :
_bun modelo de planificación como aprendizaje-enseñanza
260 _c2004
300 _a320 páginas :
_c28 cm.
650 _aGEN
654 _aCED
942 _cLIB
_dJUS
_fJUS
_2ddc
_n
999 _c8435
_d8435